000 01115nam a2200277Ia 4500
003 OSt
005 20221005111229.0
006 a|||||r|||| 00| 0
007 ta
008 221004b |||||||| |||| 00| 0 hin d
020 _a9789350725504 (hbk)
_c600
024 _a16943
037 _b523, 21/03/2015, Vani Prakashan
_cTextual
040 _aCRL
_cCRL
_bhin
041 _2hin
_ahin
082 _aO168,6N52x, 152Q3
100 _aमुनव्वर राना
245 0 _aढलान से उतरते हुए
246 _aḌhalān se utarate hue
260 _aनई दिल्ली
_bवाणी प्रकाशन भारत
_c2013
300 _a175पृ0
_ccm.
650 _aउर्दू साहित्य
700 _a सुलतानपुरी, कैफ़ सिद्दीक़ी, अनु.
_9624171
942 _hO168,6N52x, 152Q3
_cTEXL
_2cc
999 _c1021208
_d1021208